000 00794nam a2200229 a 4500
001 47909
003 BD-RjUL
005 20211209054424.0
008 160810s2003 ii ||||| |||| 00| 0 ben d
020 _a8176160768
_c: IRs.50.00
035 _a(BD-RjUL)48028
040 _aBD-RjUL
_bben
_cBD-RjUL
_dBD-RjUL
041 _aben
082 _223
_a891.443
_bMIR 2003
100 _aমিশ্র, জগন্ময়
_9145392
245 1 0 _aরক্তের দাবি /
_cজগন্ময় মিশ্র,
260 _aকলকাতা :
_bমডেল পাবলিশিং হাউস,
_c২০০৩.
300 _a১২০ পৃ. ;
_c২২ সেমি.
650 _aবাংলা উপন্যাস
_9145393
650 _aBengali Fiction
_9119335
942 _2ddc
_cBK
999 _c47909
_d47909